00755cam a22002294a 45000010009000000050017000090080041000260100017000670200026000840400018001100420008001280430012001360500022001481000046001702450066002162600064002823000053003465040064003996500018004636500021004816500023005021222595120161202123530.0001108s2001 enkaf b 001 0 eng  a 00065141  a0521780691 (hardback) aDLCcDLCdDLC apcc ae-it---00aN6914 b.S65 20011 aSohm, Philip L.q(Philip Lindsay),d1951-10aStyle in the art theory of early modern Italy /cPhilip Sohm. aCambridge ;aNew York :bCambridge University Press,c2001. axii, 315 p., [16] p. of plates :bill. ;c27 cm. aIncludes bibliographical references (p. 205-307) and index. 0aArt, Italian. 0aArtxPhilosophy.00aStyle (Philosophy)